Cultivo de maíz (Zea mays L.) en el valle bonaerense del Río Colorado : material genético, fecha y densidad de siembra /

Guardado en:
Autor Principal: Calvo, Federico.
Autor Corporativo: Universidad Nacional del Sur. Departamento de Agronomía.
Otros Autores: Vallejos, Adrián.
Formato: Libro
Idioma:Spanish
Publicado: Bahía Blanca, 2017.
Etiquetas: Agregar Etiqueta
Sin Etiquetas, Sea el primero en etiquetar este registro!
LEADER 00754nam a22001695a 4500
001 EEA.libagro010865
005 20181010082013.0
008 170623s2017####ag############000#0#spa#d
082 0 4 |a 633.15 
100 1 |a Calvo, Federico. 
245 1 0 |a Cultivo de maíz (Zea mays L.) en el valle bonaerense del Río Colorado :  |b material genético, fecha y densidad de siembra /  |c Federico Calvo. 
260 |a Bahía Blanca,  |c 2017. 
300 |a 43 h. :  |b il. col., fot. col. ;  |c 30 cm. 
500 |a Trabajo de intensificación (Ingeniero Agrónomo) -- Universidad Nacional del Sur. Departamento de Agronomía, 2017. 
700 1 |a Vallejos, Adrián. 
710 2 |a Universidad Nacional del Sur.  |b Departamento de Agronomía. 
859 |a AR-BbBCA  |b BIB. AGRONOMIA  |h 633.15  |i C169  |p 2017/6801